[Event "4NCL Division 2b"]
[Site "Daventry, ENG"]
[Date "2018.11.11"]
[Round "2.58"]
[White "Bhatia, Kanwal K"]
[Black "Murray, David"]
[Result "1-0"]
[WhiteElo "2047"]
[BlackElo "2201"]
[PlyCount "97"]
[EventDate "2018.11.11"]
[WhiteTeam "Barbican 4NCL 2"]
[BlackTeam "Gonzaga"]

1. e4 e5 2. Nf3 Nc6 3. Nc3 Nf6 4. Be2 d5 5. exd5 Nxd5 6. O-O Nxc3 7. bxc3 Bd6
8. d4 O-O 9. Bb5 exd4 10. cxd4 Bg4 11. c3 Qf6 12. Be2 h6 13. Rb1 Rab8 14. Be3
Ne7 15. d5 c5 16. dxc6 Nxc6 17. Nd4 Bxe2 18. Qxe2 Qe5 19. g3 Nxd4 20. cxd4 Qe4
21. Rfc1 Ba3 22. Re1 Rfe8 23. Qb5 Bd6 24. d5 a6 25. Qa5 Qf5 26. Red1 Re4 27.
Qb6 Qd7 28. Rbc1 Rc4 29. Qa5 Re8 30. Rb1 Qg4 31. Rdc1 Ra4 32. Qd2 Rae4 33. Rxb7
Bxg3 34. hxg3 Rxe3 35. fxe3 Qxg3+ 36. Kf1 Qh3+ 37. Qg2 Qxe3 38. Rd1 Re4 39. Rb2
Re5 40. Re2 Rf5+ 41. Rf2 Rg5 42. Qf3 Qe8 43. d6 Qb5+ 44. Qe2 Qc6 45. Rf3 Qc5
46. Qe8+ Kh7 47. Qe3 Qa5 48. d7 Qd8 49. Rxf7 1-0

[Event "4NCL Division 2b"]
[Site "Daventry, ENG"]
[Date "2018.11.11"]
[Round "2.61"]
[White "Birtwistle, Nigel"]
[Black "Bullen, Alex"]
[Result "1/2-1/2"]
[WhiteElo "2148"]
[BlackElo "2073"]
[PlyCount "60"]
[EventDate "2018.11.11"]
[WhiteTeam "Grantham Sharks 2"]
[BlackTeam "West is Best 2"]

1. Nf3 d5 2. g3 Nf6 3. Bg2 c6 4. O-O Bf5 5. b3 Nbd7 6. Bb2 h6 7. c4 e6 8. Nc3
Be7 9. d4 O-O 10. Nd2 Re8 11. h3 Rc8 12. e4 dxe4 13. Ndxe4 Nxe4 14. Nxe4 Nf6
15. Nc3 Qd6 16. Qe2 Rcd8 17. Rad1 Qc7 18. Qe3 Bd6 19. f4 a6 20. Qf3 Qe7 21. g4
Bh7 22. c5 Bc7 23. Rfe1 Qd7 24. Kh1 Nd5 25. Nxd5 exd5 26. f5 Rxe1+ 27. Rxe1 Re8
28. Re2 Kf8 29. Bc1 Rxe2 30. Qxe2 Qe7 1/2-1/2

[Event "4NCL Division 2b"]
[Site "Daventry, ENG"]
[Date "2018.11.11"]
[Round "2.62"]
[White "Taylor, William J"]
[Black "Bremner, Adam"]
[Result "1/2-1/2"]
[WhiteElo "2079"]
[BlackElo "2210"]
[PlyCount "56"]
[EventDate "2018.11.11"]
[WhiteTeam "West is Best 2"]
[BlackTeam "Grantham Sharks 2"]

1. e4 c6 2. d4 d5 3. Nd2 dxe4 4. Nxe4 Bf5 5. Ng3 Bg6 6. h4 h6 7. Nf3 Nd7 8. h5
Bh7 9. Bd3 Bxd3 10. Qxd3 e6 11. Bd2 Ngf6 12. O-O-O Be7 13. Ne4 Nxe4 14. Qxe4
Nf6 15. Qe2 Qd5 16. c4 Qe4 17. Qxe4 Nxe4 18. Be3 Bf6 19. Nd2 Nxd2 20. Rxd2 O-O
21. g4 b5 22. d5 bxc4 23. dxe6 fxe6 24. Rc2 c3 25. bxc3 Rfd8 26. Rd1 Rxd1+ 27.
Kxd1 a6 28. c4 Rd8+ 1/2-1/2

[Event "4NCL Division 2b"]
[Site "Daventry, ENG"]
[Date "2018.11.11"]
[Round "2.63"]
[White "Munshi, Aditya"]
[Black "Musson, Adam J"]
[Result "1-0"]
[WhiteElo "2117"]
[BlackElo "2022"]
[PlyCount "143"]
[EventDate "2018.11.11"]
[WhiteTeam "Grantham Sharks 2"]
[BlackTeam "West is Best 2"]

1. e4 c6 2. Nc3 d5 3. Nf3 dxe4 4. Nxe4 Nd7 5. Bc4 Ngf6 6. Qe2 Nxe4 7. Qxe4 Nf6
8. Ne5 e6 9. Qe2 Bd6 10. d4 Qc7 11. O-O O-O 12. Re1 b6 13. Bd3 Bb7 14. Bg5 Nd5
15. Qe4 f5 16. Qe2 Rae8 17. Bd2 c5 18. dxc5 bxc5 19. Bb5 Re7 20. Bg5 Nf6 21.
Rad1 Be4 22. Nf3 Bf4 23. Bxf4 Qxf4 24. Qe3 Qc7 25. Ng5 Bxc2 26. Rc1 Be4 27.
Qxc5 Qxc5 28. Rxc5 Bd5 29. Bc4 Bxc4 30. Rxc4 e5 31. Rc5 Rd8 32. g3 h6 33. Nf3
e4 34. Nh4 Rd2 35. Nxf5 Rb7 36. Rc8+ Kf7 37. b3 Ke6 38. Rc2 Rxc2 39. Nd4+ Ke5
40. Nxc2 Rd7 41. Ne3 g6 42. Rc1 h5 43. Rc5+ Ke6 44. h3 Nd5 45. Nxd5 Rxd5 46.
Rc6+ Kf5 47. Ra6 Rd1+ 48. Kg2 Rd2 49. Kf1 Rd7 50. b4 g5 51. a4 Rb7 52. b5 Rc7
53. a5 Rc5 54. Rxa7 Rxb5 55. a6 Ra5 56. Ra8 Kg6 57. Ke2 Ra3 58. Kd2 Kg7 59. a7
h4 60. g4 Kh7 61. Kc2 Kg7 62. Kb2 Ra4 63. Kb3 Ra1 64. Kc4 Ra4+ 65. Kd5 Ra5+ 66.
Ke6 Ra1 67. Kd6 Ra6+ 68. Ke7 Ra1 69. Ke8 Ra6 70. Rd8 Rxa7 71. Rd7+ Rxd7 72.
Kxd7 1-0

[Event "4NCL Division 2b"]
[Site "Daventry, ENG"]
[Date "2018.11.11"]
[Round "2.64"]
[White "Homer, Stephen J"]
[Black "Willis, Rupert"]
[Result "1/2-1/2"]
[WhiteElo "2066"]
[BlackElo "2121"]
[PlyCount "45"]
[EventDate "2018.11.11"]
[WhiteTeam "West is Best 2"]
[BlackTeam "Grantham Sharks 2"]

1. e4 e6 2. d4 d5 3. Nd2 Nc6 4. Ngf3 Nf6 5. e5 Nd7 6. Bb5 f6 7. O-O fxe5 8.
dxe5 Be7 9. Re1 O-O 10. c3 Ncb8 11. Nd4 Bc5 12. Qg4 Qe7 13. Bd3 Bxd4 14. cxd4
c5 15. Nf3 Re8 16. Bg5 Qf7 17. Bh6 g6 18. Nh4 Kh8 19. Nf3 b6 20. Ng5 Qe7 21.
Qh3 Kg8 22. Rac1 Nc6 23. dxc5 1/2-1/2

[Event "4NCL Division 2b"]
[Site "Daventry, ENG"]
[Date "2018.11.11"]
[Round "2.65"]
[White "Milson, Samuel A"]
[Black "Davies, Matthew"]
[Result "1-0"]
[WhiteElo "2103"]
[BlackElo "1944"]
[PlyCount "43"]
[EventDate "2018.11.11"]
[WhiteTeam "Grantham Sharks 2"]
[BlackTeam "West is Best 2"]

1. e4 e6 2. d4 d5 3. e5 c5 4. c3 Nc6 5. Nf3 Qb6 6. a3 c4 7. Nbd2 Bd7 8. g3 Na5
9. Bg2 Ne7 10. O-O Nb3 11. Nxb3 Ba4 12. Ng5 Bxb3 13. Qf3 Nf5 14. Nxf7 Kxf7 15.
g4 Bc2 16. gxf5 Bxf5 17. Bh3 Rd8 18. Bxf5 exf5 19. Qxf5+ Ke8 20. e6 Rd6 21.
Qf7+ Kd8 22. Bg5+ 1-0

[Event "4NCL Division 2b"]
[Site "Daventry, ENG"]
[Date "2018.11.11"]
[Round "2.66"]
[White "Davis, Lee"]
[Black "Varnam, Liam D"]
[Result "1/2-1/2"]
[WhiteElo "1948"]
[BlackElo "2096"]
[PlyCount "43"]
[EventDate "2018.11.11"]
[WhiteTeam "West is Best 2"]
[BlackTeam "Grantham Sharks 2"]

1. g3 d5 2. d4 Nf6 3. Bg2 Bf5 4. Nf3 e6 5. O-O c5 6. c4 Nc6 7. Nc3 dxc4 8. Qa4
Be7 9. Ne5 O-O 10. Nxc6 bxc6 11. dxc5 Bxc5 12. Qxc4 Qd4 13. Qxd4 Bxd4 14. Bxc6
Rac8 15. Bf3 Bxc3 16. bxc3 Rxc3 17. Bb2 Rc2 18. Ba3 Rfc8 19. Rfc1 h6 20. Rxc2
Rxc2 21. Bd6 Ne4 22. Bxe4 1/2-1/2

[Event "4NCL Division 2b"]
[Site "Daventry, ENG"]
[Date "2018.11.11"]
[Round "2.67"]
[White "Murphy, Hugh W"]
[Black "Gregory, Andrew M"]
[Result "1-0"]
[WhiteElo "2119"]
[BlackElo "1941"]
[PlyCount "39"]
[EventDate "2018.11.11"]
[WhiteTeam "Grantham Sharks 2"]
[BlackTeam "West is Best 2"]

1. e4 d6 2. d4 Nf6 3. Nc3 g6 4. f4 Bg7 5. Bd3 c5 6. dxc5 dxc5 7. e5 Ng4 8. Nf3
O-O 9. h3 Nh6 10. Be3 Qa5 11. O-O Nc6 12. Ne4 Nf5 13. Bxc5 Ng3 14. b4 Nxb4 15.
Bxb4 Qxb4 16. Nxg3 Qxf4 17. Qe1 Bd7 18. Rb1 b6 19. Rb4 Qh6 20. Rh4 1-0

[Event "4NCL Division 2b"]
[Site "Daventry, ENG"]
[Date "2018.11.11"]
[Round "2.68"]
[White "Lampard, Alice"]
[Black "Cumbers, Paul"]
[Result "1/2-1/2"]
[WhiteElo "1711"]
[BlackElo "2157"]
[PlyCount "188"]
[EventDate "2018.11.11"]
[WhiteTeam "West is Best 2"]
[BlackTeam "Grantham Sharks 2"]

1. d4 Nf6 2. c4 c5 3. d5 e6 4. Nc3 exd5 5. cxd5 d6 6. Nf3 g6 7. Bf4 a6 8. a4
Qe7 9. e3 Bg4 10. h3 Bxf3 11. Qxf3 Bg7 12. Bd3 Nbd7 13. Bc2 Ne5 14. Qe2 O-O 15.
O-O Rfe8 16. Rfd1 Nfd7 17. Ne4 h6 18. a5 f5 19. Nc3 Nf7 20. Bh2 h5 21. Ra4 Qf6
22. Rb1 h4 23. Nd1 Bh6 24. Qf1 Rab8 25. Bd3 Nfe5 26. Be2 Kh7 27. Rc1 Rec8 28.
Qe1 Rc7 29. Qc3 Qe7 30. b4 c4 31. f4 Nf7 32. Qd2 Rbc8 33. Ra2 Nf6 34. Rac2 Ne4
35. Qe1 c3 36. Bf3 Bg7 37. Bxe4 Qxe4 38. Qxh4+ Kg8 39. Qg3 Nh8 40. Qf2 Qxb4 41.
Ra2 Rc5 42. Qc2 Rxa5 43. Rxa5 Qxa5 44. e4 Re8 45. Nf2 fxe4 46. Nxe4 Qxd5 47.
Nxc3 Qc4 48. Qd2 Qd4+ 49. Qxd4 Bxd4+ 50. Kf1 Rc8 51. Ne2 Rxc1+ 52. Nxc1 Kf7 53.
Ke2 Ke6 54. Kd3 Ba7 55. Ne2 Nf7 56. g4 Kd5 57. Nc3+ Ke6 58. Ne2 d5 59. Bg3 Nd6
60. Nd4+ Kd7 61. Nf3 Ne4 62. Be1 Bb8 63. Kd4 Ke6 64. Nh4 Ba7+ 65. Kd3 Kf6 66.
Nf3 Bf2 67. Bb4 Bg3 68. Kd4 Bxf4 69. Kxd5 Nf2 70. Bc3+ Ke7 71. Bb4+ Kf7 72. Ng1
Be3 73. Bc5 Bxc5 74. Kxc5 b5 75. Kb4 Ke6 76. Ka5 Ke5 77. Nf3+ Kf4 78. Nh4 g5
79. Ng6+ Kg3 80. Ne5 Kxh3 81. Kxa6 b4 82. Kb5 b3 83. Nc4 Nd3 84. Nd2 Nc1 85.
Kb4 Kxg4 86. Kc3 Kf4 87. Kb2 g4 88. Nf1 Ne2 89. Kxb3 Kg5 90. Kc2 Kh4 91. Kd1
Nf4 92. Ne3 g3 93. Nf5+ Kg4 94. Nxg3 Kxg3 1/2-1/2

[Event "4NCL Division 2b"]
[Site "Daventry, ENG"]
[Date "2018.11.11"]
[Round "2.71"]
[White "Payne, Matthew J"]
[Black "Grieve, Harry"]
[Result "1-0"]
[WhiteElo "2207"]
[BlackElo "2262"]
[PlyCount "65"]
[EventDate "2018.11.11"]
[WhiteTeam "Sussex Martlets 1"]
[BlackTeam "Guildford 3"]

1. e4 d6 2. d4 Nf6 3. Nc3 Nbd7 4. g4 h6 5. h3 e5 6. Bg2 c6 7. Nge2 Qc7 8. Be3
b5 9. a3 Bb7 10. Ng3 g6 11. O-O Bg7 12. f4 a5 13. fxe5 dxe5 14. d5 Rc8 15. Rf2
Ba6 16. dxc6 Qxc6 17. Nd5 h5 18. g5 h4 19. gxf6 hxg3 20. Rd2 Bh6 21. Bxh6 Rxh6
22. Qf3 Qc5+ 23. Kh1 Rc6 24. Rad1 Bc8 25. b4 axb4 26. axb4 Qa7 27. Ne7 Rxf6 28.
Nxc8 Qc7 29. Qg4 Qxc8 30. Rxd7 Re6 31. Rd8+ Qxd8 32. Rxd8+ Kxd8 33. Qg5+ 1-0

[Event "4NCL Division 2b"]
[Site "Daventry, ENG"]
[Date "2018.11.11"]
[Round "2.72"]
[White "Kalaiyalahan, Akshaya"]
[Black "Willson, Ollie"]
[Result "1/2-1/2"]
[WhiteElo "2248"]
[BlackElo "2155"]
[PlyCount "67"]
[EventDate "2018.11.11"]
[WhiteTeam "Guildford 3"]
[BlackTeam "Sussex Martlets 1"]

1. d4 Nf6 2. Nf3 e6 3. g3 c5 4. Bg2 Nc6 5. O-O d5 6. c4 dxc4 7. Qa4 Bd7 8. Qxc4
cxd4 9. Nxd4 Rc8 10. Nxc6 Bxc6 11. Bxc6+ Rxc6 12. Qb5 Qc8 13. Nc3 Be7 14. e4
O-O 15. Qe2 a6 16. Bg5 h6 17. Bd2 Rd8 18. Rfd1 e5 19. Kg2 b5 20. a3 Qe6 21. f3
Rcd6 22. Be3 Rxd1 23. Rxd1 Rxd1 24. Qxd1 Qc4 25. Qe2 Qb3 26. Nd1 Nd7 27. Qd2
Nc5 28. Nc3 Ne6 29. Nd5 Bf8 30. Qc3 Qd1 31. Qd2 Qb3 32. Qc3 Qd1 33. Qd2 Qb3 34.
Qc3 1/2-1/2

[Event "4NCL Division 2b"]
[Site "Daventry, ENG"]
[Date "2018.11.11"]
[Round "2.73"]
[White "Cumming, Rhys"]
[Black "Osborne, Marcus E"]
[Result "1/2-1/2"]
[WhiteElo "2224"]
[BlackElo "2124"]
[PlyCount "242"]
[EventDate "2018.11.11"]
[WhiteTeam "Sussex Martlets 1"]
[BlackTeam "Guildford 3"]

1. e4 c5 2. Nf3 d6 3. Bb5+ Bd7 4. Bxd7+ Nxd7 5. O-O Ngf6 6. Qe2 e6 7. c3 Be7 8.
d4 cxd4 9. cxd4 d5 10. e5 Ne4 11. Ne1 Qb6 12. Be3 f6 13. f3 Ng5 14. Nd3 O-O 15.
Nc3 Rac8 16. Bf2 Nf7 17. Rac1 Nb8 18. Rfd1 Rfe8 19. exf6 Bxf6 20. Ne5 Bxe5 21.
dxe5 Qc7 22. f4 Nc6 23. Kh1 Nh6 24. Nb5 Qf7 25. Nd6 Qxf4 26. Bg3 Qg5 27. Qd2
Qh5 28. Bf4 Ng4 29. Re1 Rcd8 30. Nxe8 Rxe8 31. h3 Ngxe5 32. Bxe5 Nxe5 33. Rc7
Nc4 34. Qe2 Qh4 35. b3 Nd6 36. Qe5 Nf5 37. Re3 Qf6 38. Qxf6 gxf6 39. Rf3 Rd8
40. g4 Nd6 41. Re7 Ne4 42. Kg2 Rc8 43. a4 d4 44. Rf4 Rc2+ 45. Kf1 Nd2+ 46. Ke1
d3 47. Rd7 Nxb3 48. Rxd3 Nc5 49. Rd2 Rxd2 50. Kxd2 e5 51. Rb4 Kf7 52. Kc3 Ke6
53. Kc4 b6 54. Kb5 e4 55. a5 e3 56. axb6 axb6 57. Kc4 Ke5 58. Rxb6 Ne6 59. Kd3
Nf4+ 60. Kc2 Nxh3 61. Kd1 Nf2+ 62. Ke2 Nxg4 63. Kf3 f5 64. Rb5+ Kf6 65. Kf4 e2
66. Rb6+ Kf7 67. Rb1 Nf2 68. Kf3 Ne4 69. Rb7+ Kg6 70. Kxe2 h5 71. Ke3 Kg5 72.
Rg7+ Kf6 73. Rg2 Ke5 74. Kf3 Kf6 75. Kf4 Nc3 76. Rd2 Ke6 77. Rh2 Nd5+ 78. Kg5
Nf6 79. Ra2 Ne4+ 80. Kf4 Nd6 81. Rh2 Kd5 82. Rxh5 Ke6 83. Rh6+ Kd5 84. Rf6 Kc5
85. Ke5 Nc4+ 86. Kxf5 Kd5 87. Kf4 Nd6 88. Rh6 Nc4 89. Rh5+ Kd4 90. Rh7 Nd6 91.
Rd7 Kd5 92. Rd8 Kc5 93. Ke3 Kd5 94. Rh8 Nc4+ 95. Kf4 Nd6 96. Rh5+ Kd4 97. Re5
Nc4 98. Re1 Nd6 99. Rd1+ Kc5 100. Ke5 Nc4+ 101. Ke6 Ne3 102. Rd8 Nc4 103. Rd5+
Kb4 104. Rh5 Kc3 105. Rh4 Kd3 106. Kd5 Ne3+ 107. Kc5 Nf5 108. Rg4 Ne3 109. Rf4
Nc2 110. Rf8 Ke4 111. Re8+ Kd3 112. Rd8+ Ke4 113. Rd2 Ne3 114. Rd4+ Ke5 115.
Ra4 Nf5 116. Ra3 Ke4 117. Ra1 Ne3 118. Re1 Kd3 119. Rh1 Ke4 120. Rh4+ Ke5 121.
Re4+ Kxe4 1/2-1/2

[Event "4NCL Division 2b"]
[Site "Daventry, ENG"]
[Date "2018.11.11"]
[Round "2.74"]
[White "Chavannes, Ivar"]
[Black "Graham, David B"]
[Result "0-1"]
[WhiteElo "2110"]
[BlackElo "2194"]
[PlyCount "50"]
[EventDate "2018.11.11"]
[WhiteTeam "Guildford 3"]
[BlackTeam "Sussex Martlets 1"]

1. d4 Nf6 2. Nf3 g6 3. g3 Bg7 4. Bg2 d6 5. O-O O-O 6. c4 Nc6 7. d5 Na5 8. b3 c5
9. Bb2 a6 10. Nbd2 b5 11. Qc2 Rb8 12. Rab1 bxc4 13. bxc4 Bf5 14. e4 Rxb2 15.
Rxb2 Nxe4 16. Nh4 Nxd2 17. Nxf5 gxf5 18. Re1 Bxb2 19. Qxb2 Naxc4 20. Qb7 Ne5
21. Re2 Ndf3+ 22. Bxf3 Nxf3+ 23. Kg2 Ne5 24. f4 Ng6 25. h4 Qa8 0-1

[Event "4NCL Division 2b"]
[Site "Daventry, ENG"]
[Date "2018.11.11"]
[Round "2.75"]
[White "Grant, David J"]
[Black "Punnett, Alan K"]
[Result "1/2-1/2"]
[WhiteElo "2222"]
[BlackElo "1989"]
[PlyCount "78"]
[EventDate "2018.11.11"]
[WhiteTeam "Sussex Martlets 1"]
[BlackTeam "Guildford 3"]

1. e4 e6 2. d3 d5 3. Nd2 c5 4. Ngf3 Nc6 5. g3 Nf6 6. Bg2 Be7 7. O-O O-O 8. Re1
Rb8 9. e5 Nd7 10. Nf1 b5 11. h4 b4 12. N1h2 c4 13. Bf4 cxd3 14. cxd3 b3 15. a3
Ba6 16. Rc1 Qb6 17. Be3 Qb5 18. Bg5 Bxg5 19. hxg5 Rfc8 20. Bf1 Qb6 21. Qd2 Ne7
22. Ng4 Nf5 23. d4 Bxf1 24. Rxf1 Kf8 25. Rc3 Rc4 26. Rxc4 dxc4 27. Rc1 Qb5 28.
Nf6 gxf6 29. gxf6 Qd5 30. Rc3 Qe4 31. Ng5 Qd5 32. Nxh7+ Ke8 33. Qg5 Nxe5 34.
Qg8+ Kd7 35. Qxb8 Qxd4 36. Kg2 Qd5+ 37. Kg1 Qd1+ 38. Kg2 Qd5+ 39. Kg1 Qd1+
1/2-1/2

[Event "4NCL Division 2b"]
[Site "Daventry, ENG"]
[Date "2018.11.11"]
[Round "2.76"]
[White "Fink-Nunn, Petra"]
[Black "Blake, J Morgan"]
[Result "0-1"]
[WhiteElo "2051"]
[BlackElo "2132"]
[PlyCount "76"]
[EventDate "2018.11.11"]
[WhiteTeam "Guildford 3"]
[BlackTeam "Sussex Martlets 1"]

1. e4 e6 2. d4 d5 3. Nc3 Nc6 4. Nf3 Nf6 5. Bg5 Be7 6. e5 Ne4 7. Bxe7 Qxe7 8.
Bd3 Ng5 9. h4 Nxf3+ 10. Qxf3 Qb4 11. O-O-O Nxd4 12. Qg3 Nc6 13. a3 Qf8 14. Nb5
Kd8 15. c4 Ne7 16. Nc3 Bd7 17. f4 d4 18. Ne4 Nf5 19. Qf2 c5 20. g4 Ne3 21. Rdg1
Bc6 22. Qe2 Kc7 23. Rh3 Rd8 24. Nd6 Rxd6 25. exd6+ Qxd6 26. Rxe3 dxe3 27. Qxe3
Qd4 28. Qg3 f6 29. Rd1 e5 30. fxe5 Qxe5 31. Qf2 h5 32. Re1 Qd6 33. Qf5 Rd8 34.
Rd1 Ba4 35. b3 g6 36. Qxg6 Bxb3 37. Rd2 Qe5 38. Qf5 Qe1+ 0-1

[Event "4NCL Division 2b"]
[Site "Daventry, ENG"]
[Date "2018.11.11"]
[Round "2.77"]
[White "Miller, Dominic"]
[Black "Shepley, Julien M"]
[Result "1/2-1/2"]
[WhiteElo "2093"]
[BlackElo "1967"]
[PlyCount "85"]
[EventDate "2018.11.11"]
[WhiteTeam "Sussex Martlets 1"]
[BlackTeam "Guildford 3"]

1. e4 d6 2. d4 Nf6 3. Nc3 e5 4. Nf3 Nbd7 5. Bc4 Be7 6. O-O c6 7. a4 h6 8. Re1
Qc7 9. Bb3 g5 10. Qd3 Nf8 11. Qc4 Ne6 12. dxe5 dxe5 13. a5 Rg8 14. Nd2 Rg7 15.
Ne2 Nc5 16. Ng3 Be6 17. Qc3 Nxb3 18. cxb3 Rg8 19. Nc4 Nd7 20. Ne3 b5 21. Nef5
Bf8 22. Be3 b4 23. Qc2 a6 24. Red1 Rb8 25. Rd2 c5 26. Qd1 Rb5 27. Qh5 Rg6 28.
h4 Rxa5 29. Rxa5 Qxa5 30. hxg5 hxg5 31. Bxg5 Bxb3 32. Bh4 Qa1+ 33. Kh2 Qc1 34.
Qe2 Bc4 35. Qe3 f6 36. Rxd7 Qxe3 37. Nxe3 Kxd7 38. Nxc4 Ke6 39. Nf5 Kf7 40. b3
a5 41. Nfd6+ Bxd6 42. Nxd6+ Ke6 43. Nc4 1/2-1/2

[Event "4NCL Division 2b"]
[Site "Daventry, ENG"]
[Date "2018.11.11"]
[Round "2.78"]
[White "Stimpson, Philip M"]
[Black "Graham, Cassie M"]
[Result "0-1"]
[WhiteElo "1919"]
[BlackElo "2035"]
[PlyCount "80"]
[EventDate "2018.11.11"]
[WhiteTeam "Guildford 3"]
[BlackTeam "Sussex Martlets 1"]

1. e4 c5 2. Nc3 Nc6 3. f4 g6 4. Nf3 Bg7 5. Bb5 Nd4 6. O-O a6 7. Bd3 d6 8. Nxd4
cxd4 9. Ne2 Nf6 10. c3 dxc3 11. bxc3 O-O 12. Bc2 b5 13. d3 Bb7 14. Qe1 Rc8 15.
Bd2 Qb6+ 16. Kh1 Rfe8 17. Rc1 Qa5 18. Bb3 Nd7 19. Rf3 Qd8 20. Qg3 Nc5 21. Bxf7+
Kxf7 22. f5 Bf6 23. fxg6+ hxg6 24. Bg5 Rg8 25. Rcf1 Nd7 26. Nd4 Ne5 27. Rf4
Rxc3 28. Nf3 Bc8 29. Bxf6 exf6 30. Qh4 Nxf3 31. R4xf3 f5 32. Qe1 Rc7 33. Qb4
Rg7 34. exf5 gxf5 35. Qb3+ d5 36. Qd1 Qf6 37. g4 Rxg4 38. Rh3 Rh4 39. Qf3 Rxh3
40. Qxh3 Re7 0-1

[Event "4NCL Division 2b"]
[Site "Daventry, ENG"]
[Date "2018.11.11"]
[Round "2.81"]
[White "Bisby, Daniel L"]
[Black "Isaakidis, Alexandros"]
[Result "1-0"]
[WhiteElo "2330"]
[BlackElo "2171"]
[PlyCount "55"]
[EventDate "2018.11.11"]
[WhiteTeam "Cambridge University 1"]
[BlackTeam "Wessex A"]

1. d4 Nf6 2. c4 e6 3. Nf3 Bb4+ 4. Bd2 a5 5. e3 O-O 6. Nc3 b6 7. Bd3 Bb7 8. Qc2
d6 9. O-O Nbd7 10. e4 e5 11. Rfe1 Re8 12. d5 Nc5 13. Bf1 c6 14. Rad1 Rc8 15.
Qb1 Qc7 16. Nh4 Bxc3 17. Bxc3 b5 18. Nf5 cxd5 19. cxd5 b4 20. Bd2 g6 21. Bg5
gxf5 22. Bxf6 Nxe4 23. Rxe4 fxe4 24. Qxe4 Qc2 25. Rd3 Rc4 26. Qf5 h6 27. Rg3+
Kf8 28. Qd7 1-0

[Event "4NCL Division 2b"]
[Site "Daventry, ENG"]
[Date "2018.11.11"]
[Round "2.82"]
[White "Pleasants, Allan J"]
[Black "Hill, Alistair"]
[Result "1-0"]
[WhiteElo "2064"]
[BlackElo "2204"]
[PlyCount "79"]
[EventDate "2018.11.11"]
[WhiteTeam "Wessex A"]
[BlackTeam "Cambridge University 1"]

1. d4 e6 2. Nf3 c5 3. e3 b6 4. Nbd2 Nf6 5. Be2 Be7 6. O-O O-O 7. b3 Bb7 8. Bb2
cxd4 9. exd4 d5 10. Re1 Nbd7 11. Bd3 Rc8 12. Rc1 Rc7 13. Ne5 Nxe5 14. dxe5 Ne4
15. Bxe4 dxe4 16. Nc4 Rd7 17. Qg4 g6 18. Nd6 f5 19. Qg3 Qc7 20. c4 Rfd8 21. Ba3
Qc6 22. Red1 e3 23. fxe3 Bh4 24. Qh3 Bg5 25. Re1 Ba8 26. Rc2 b5 27. e4 Bf4 28.
exf5 exf5 29. Qh4 g5 30. Qf2 a5 31. cxb5 Qd5 32. Bb2 Re7 33. Nxf5 Re6 34. Ne3
Qxb5 35. Ng4 Rf8 36. Nf6+ Kh8 37. Rc7 Rfxf6 38. exf6 Rxe1+ 39. Qxe1 Qb6+ 40.
Kh1 1-0

[Event "4NCL Division 2b"]
[Site "Daventry, ENG"]
[Date "2018.11.11"]
[Round "2.83"]
[White "Beckett, Chris J"]
[Black "Varney, Daniel"]
[Result "1/2-1/2"]
[WhiteElo "2171"]
[BlackElo "2072"]
[PlyCount "54"]
[EventDate "2018.11.11"]
[WhiteTeam "Cambridge University 1"]
[BlackTeam "Wessex A"]

1. d4 d6 2. c4 Nf6 3. Nc3 g6 4. e4 Bg7 5. f3 Na6 6. Nge2 c5 7. d5 Bd7 8. Ng3
Rb8 9. Be2 Nc7 10. a4 a6 11. a5 b5 12. axb6 Rxb6 13. O-O e6 14. f4 O-O 15. e5
Nfe8 16. Nce4 exd5 17. cxd5 Qa8 18. Bc4 Bb5 19. Bxb5 Nxb5 20. Be3 Nd4 21. Bxd4
cxd4 22. Qxd4 Qb7 23. Nf6+ Bxf6 24. exf6 Rxb2 25. Rfd1 Rb4 26. Qd3 Nxf6 27.
Qxa6 Rb8 1/2-1/2

[Event "4NCL Division 2b"]
[Site "Daventry, ENG"]
[Date "2018.11.11"]
[Round "2.84"]
[White "Wilson, Jaimie"]
[Black "Spencer, Carl J"]
[Result "1-0"]
[WhiteElo "2065"]
[BlackElo "2145"]
[PlyCount "71"]
[EventDate "2018.11.11"]
[WhiteTeam "Wessex A"]
[BlackTeam "Cambridge University 1"]

1. c4 c5 2. Nf3 Nc6 3. d4 cxd4 4. Nxd4 e6 5. a3 a6 6. Nc3 g6 7. e4 Bg7 8. Be3
Nge7 9. Be2 O-O 10. O-O f5 11. Qd2 f4 12. Nxc6 fxe3 13. Nxe7+ Qxe7 14. Qxe3 d6
15. Rad1 Qc7 16. f4 b6 17. Na4 Rb8 18. Qd2 Rd8 19. Kh1 Bb7 20. Qd3 Kh8 21. Nc3
Rbc8 22. f5 Qe7 23. fxg6 hxg6 24. Bg4 Qh4 25. Bxe6 Be5 26. g3 Qh5 27. Rf7 Rb8
28. Rdf1 Re8 29. Bd7 Red8 30. Nd5 b5 31. cxb5 axb5 32. Nf4 Qh6 33. Ne6 Rxd7 34.
Rxd7 g5 35. Nd8 Qh3 36. Rf8# 1-0

[Event "4NCL Division 2b"]
[Site "Daventry, ENG"]
[Date "2018.11.11"]
[Round "2.85"]
[White "Robertson, J Stuart"]
[Black "Duggan, Michael F G"]
[Result "1/2-1/2"]
[WhiteElo "2115"]
[BlackElo "2055"]
[PlyCount "81"]
[EventDate "2018.11.11"]
[WhiteTeam "Cambridge University 1"]
[BlackTeam "Wessex A"]

1. d4 f5 2. g3 Nf6 3. Bg2 g6 4. b3 Bg7 5. Bb2 d6 6. Nd2 O-O 7. c4 Re8 8. Ngf3
Nbd7 9. d5 e5 10. dxe6 Nc5 11. O-O c6 12. Qc2 Bxe6 13. Nd4 Bf7 14. e3 Rc8 15.
Rad1 d5 16. cxd5 cxd5 17. Qb1 Nce4 18. Nxe4 Nxe4 19. Ne2 Rc5 20. Bxg7 Kxg7 21.
Qb2+ Qf6 22. Qa3 Qb6 23. Rc1 Rec8 24. Rxc5 Rxc5 25. Rc1 Rxc1+ 26. Qxc1 Qc5 27.
Qb2+ Kg8 28. Bf1 a6 29. b4 Qc7 30. a3 Nd6 31. Qe5 Qd7 32. Nd4 Nc4 33. Qb8+ Kg7
34. Qa7 h6 35. Kg2 g5 36. Bd3 Bg6 37. a4 f4 38. Bxg6 Kxg6 39. exf4 gxf4 40. Nf3
fxg3 41. hxg3 1/2-1/2

[Event "4NCL Division 2b"]
[Site "Daventry, ENG"]
[Date "2018.11.11"]
[Round "2.86"]
[White "Weatherlake, John P"]
[Black "Starley, Robert"]
[Result "0-1"]
[WhiteElo "2012"]
[BlackElo "2080"]
[PlyCount "46"]
[EventDate "2018.11.11"]
[WhiteTeam "Wessex A"]
[BlackTeam "Cambridge University 1"]

1. e4 e5 2. Nc3 Bc5 3. Bc4 Nc6 4. Qg4 g6 5. Qg3 Nf6 6. d3 h6 7. Nf3 Nh5 8.
Bxf7+ Kxf7 9. Nxe5+ Nxe5 10. Qxe5 d6 11. Qd5+ Kg7 12. b4 Qf6 13. Nd1 Bxb4+ 14.
Kf1 Bc3 15. Rb1 Rf8 16. Be3 c6 17. Qc4 Be5 18. g3 Qf3 19. Rg1 Rf7 20. d4 Qxe4
21. Bxh6+ Kxh6 22. g4 d5 23. Qb4 Nf4 0-1

[Event "4NCL Division 2b"]
[Site "Daventry, ENG"]
[Date "2018.11.11"]
[Round "2.87"]
[White "Chan, Nevil"]
[Black "Simons, Martin J"]
[Result "0-1"]
[WhiteElo "2009"]
[BlackElo "1989"]
[PlyCount "44"]
[EventDate "2018.11.11"]
[WhiteTeam "Cambridge University 1"]
[BlackTeam "Wessex A"]

1. d4 d6 2. Nc3 Nf6 3. Nf3 Nbd7 4. e4 e5 5. Bc4 Be7 6. O-O h6 7. a3 c6 8. b4
Qc7 9. Bb3 O-O 10. Bb2 Re8 11. Qd3 Nf8 12. Ne2 Ng6 13. c4 b6 14. Ne1 d5 15.
cxd5 cxd5 16. Rc1 Qd6 17. dxe5 Nxe5 18. Bxe5 Qxe5 19. Bxd5 Nxd5 20. Qxd5 Qxd5
21. exd5 Ba6 22. Ng3 Rac8 0-1

[Event "4NCL Division 2b"]
[Site "Daventry, ENG"]
[Date "2018.11.11"]
[Round "2.88"]
[White "Gregory, Keith D F"]
[Black "Kirupakaran, Vishnu"]
[Result "1-0"]
[WhiteElo "1968"]
[BlackElo "1742"]
[PlyCount "85"]
[EventDate "2018.11.11"]
[WhiteTeam "Wessex A"]
[BlackTeam "Cambridge University 1"]

1. Nf3 d5 2. c4 d4 3. e4 Nc6 4. d3 e5 5. Be2 Nf6 6. O-O Be7 7. Na3 O-O 8. Nc2
a5 9. b3 Nd7 10. a3 Nc5 11. Rb1 f5 12. Nd2 Bg5 13. exf5 Bxf5 14. Ne1 Qf6 15.
Qc2 Qg6 16. f3 Be3+ 17. Kh1 Qh6 18. Ne4 Bxe4 19. dxe4 Bxc1 20. Rxc1 Nxb3 21.
Qxb3 Qxc1 22. Qxb7 Qh6 23. Qxc7 Qe6 24. c5 Rfc8 25. Qd6 Qxd6 26. Bc4+ Kh8 27.
cxd6 Rd8 28. Bd5 Rxd6 29. Nd3 Re8 30. Rc1 Nd8 31. Rc8 g6 32. Ra8 Rb6 33. h4
Rb1+ 34. Kh2 Rd1 35. Bc4 Kg7 36. Bb5 Rf8 37. Nxe5 Ne6 38. Ra7+ Kh8 39. Nf7+ Kg8
40. Bc4 Nc5 41. Ng5+ Rf7 42. Bxf7+ Kh8 43. Bd5 1-0

[Event "4NCL Division 2b"]
[Site "Daventry, ENG"]
[Date "2019.01.12"]
[Round "3.51"]
[White "Povah, Nigel E"]
[Black "French, Max"]
[Result "1/2-1/2"]
[WhiteElo "2329"]
[BlackElo "2172"]
[PlyCount "53"]
[EventDate "2019.01.12"]
[WhiteTeam "Guildford 3"]
[BlackTeam "Barbican 4NCL 2"]

1. d4 Nf6 2. Bf4 e6 3. e3 c5 4. c3 d5 5. Nd2 Bd6 6. Bg3 Nc6 7. Ngf3 O-O 8. Bd3
b6 9. Ne5 Bb7 10. f4 Ne7 11. Qf3 Nf5 12. Bf2 Be7 13. Qh3 Nd6 14. Rd1 cxd4 15.
exd4 b5 16. Bh4 Nfe4 17. Bxe7 Qxe7 18. O-O f6 19. Ng4 f5 20. Ne5 Rf6 21. Qe3
Rc8 22. Kh1 a5 23. g4 fxg4 24. Nxg4 Rg6 25. Rg1 Nf5 26. Qe1 b4 27. Nf3 1/2-1/2